Geodiverzita a biodiverzita těžebních krajin

Geodiverzita a biodiverzita krajiny. Krajinná štruktúra, geodiverzita a biodiverzita prírodných krajín. Geodiverzita a biodiverzita kultúrnych krajín. Geodiverzita a biodiverzita ťažobných krajín. Príroda v baníckej oblasti Kutnej Hory. Hodnotenie krajinnej diverzity na mikroúrovni Kutnohorska.

Gespeichert in:
Bibliographische Detailangaben
1. Verfasser: Lipský, Zdeněk
Format: Buchkapitel
Sprache:Tschechisch
Schlagworte:
Tags: Tag hinzufügen
Keine Tags, Fügen Sie das erste Tag hinzu!

MARC

LEADER 00000naa a2200000 4500
001 0121575
005 20231128133111.1
041 0 |a cze 
044 |a SK 
245 1 0 |a Geodiverzita a biodiverzita těžebních krajin  |c Zdeněk Lipský 
520 |a Geodiverzita a biodiverzita krajiny. Krajinná štruktúra, geodiverzita a biodiverzita prírodných krajín. Geodiverzita a biodiverzita kultúrnych krajín. Geodiverzita a biodiverzita ťažobných krajín. Príroda v baníckej oblasti Kutnej Hory. Hodnotenie krajinnej diverzity na mikroúrovni Kutnohorska. 
610 2 0 |a diverzita biologická 
610 2 0 |a geológia 
610 2 0 |a prostredie krajinné 
610 2 0 |a ťažba surovín 
610 2 0 |a Česko 
100 1 |a Lipský, Zdeněk